|
|
|
|
| LEADER |
01673nam a22003377a 4500 |
| 001 |
mzk03001221278 |
| 003 |
CZ BrMZK |
| 005 |
20151021151519.0 |
| 007 |
ta |
| 008 |
091009s1531 sz fr|||||00| ||latod |
| 040 |
|
|
|a BOA001
|b cze
|c BOA001
|
| 072 |
|
7 |
|a 094
|x Staré tisky
|2 Konspekt
|9 12
|
| 080 |
|
|
|a (0.068)094
|2 MRF
|
| 100 |
1 |
|
|a Alciati, Andrea,
|d 1492-1550
|7 js20031125001
|4 aut
|
| 245 |
1 |
0 |
|a Paradoxorum, ad Pratum, lib. VI. Dispunctionum, lib. IIII. In treis libros Cod. lib. III. De eo quod interest, liber unus. Praetermissorum, lib. II. Declamatio una. De stip. diuisionib. Commentariolus. Ex novissima autoris recognitione
|
| 260 |
|
|
|a Basileae :
|b Andreas Cratander,
|c 1531
|
| 300 |
|
|
|a [4], 138, [5] listů ;
|c 2°
|
| 500 |
|
|
|a Výzdoba: Signet, dřevořezová figurální bordura jedné strany, iniciály
|
| 501 |
|
|
|a Obsahuje: Přívazek 1, Ad rescripta principum commentarii ... / Andrea Alciati. -- Přívazek 2, De verborum significatione libri quatuor ... / Andrea Alciati
|
| 510 |
4 |
|
|a Dokoupil, V. Soupisy tisků 16. století z fondů Universitní knihovny v Brně,
|c Sv. 4, 6
|
| 563 |
|
|
|a Vazba: dřevěné desky, potažené vepřovicí se slepotiskem [nezřetelný]; hřbet přelepen hnědou kůží
|
| 655 |
|
7 |
|a staré tisky
|7 fd422076
|2 czenas
|
| 903 |
|
|
|a RP
|
| 910 |
|
|
|a BOE452
|b Mn
|
| 978 |
|
|
|b Cratander, Andreas
|a Basel
|c 1531
|
| 984 |
|
|
|a Basilej
|b Švýcarsko
|
| 985 |
|
|
|a 1501-1550
|
| 990 |
|
|
|a BK
|
| 991 |
|
|
|k minorite
|
| 994 |
|
|
|a DN
|l MZK03
|b 001221279
|m záznam 1. díla (pro objednání pokračujte kliknutím)
|n přívazek 1
|
| 994 |
|
|
|a DN
|l MZK03
|b 001221281
|m záznam 1. díla (pro objednání pokračujte kliknutím)
|n přívazek 2
|